It looks like you're offline.
Open Library logo
additional options menu

MARC record from Internet Archive

LEADER: 00481cam a2200145 a 4500
001 ffee8f22ae8c43209eb5fe54343cdfab
003 UK-BiTAL
005 20050705141640.0
008 970716s1980 xxu | 000 ||eng|d
020 $a0123122015
035 $a()0123122015
040 $aAU$cAU$dBU$dUK-BiTAL
245 00 $aHigh performance liquid chromatography :$badvances and perspectives /$cedited by Csaba Horváth. Vol.1.
260 $aNew York ;$aLondon :$bAcademic Press,$c1980.
700 1 $aHorvath, Csaba.